Hooked : How to Build Habit-Forming Products

Uložené v:
Podrobná bibliografia
Hlavní autori: Eyal, Nir (Autor), Hoover, Ryan (Autor)
Médium: Kniha
Jazyk:English
Vydavateľské údaje: New York : Penguin Group, 2014
Tagy: Pridať tag
Žiadne tagy, Buďte prvý, kto otaguje tento záznam!

MARC

LEADER 00000nam a22000003a 4500
001 stu301539
005 20150617230325.3
008 141128s--------xxu-----------------eng-d
020 |a 978-1-59184-778-6 
040 |a STU  |b slo 
041 0 |a eng 
044 |a xxu 
100 1 |a Eyal, Nir  |4 aut 
245 1 |a Hooked :  |b How to Build Habit-Forming Products 
260 |a New York :  |b Penguin Group,  |c 2014 
300 |a 242 s 
700 1 |a Hoover, Ryan  |4 aut 
996 |b 284EK89421  |c E*89421  |l EE35  |s P  |a 0  |w stu301539_0001